000 nam a22 7a 4500
999 _c127063
_d127063
008 171010b xxu||||| |||| 00| 0 eng d
050 _aPR2246.W3
100 _aDonne, John
_936931
245 _aDonne
_cJohn Donne
260 _aNew York
_bDell Publishing
_c1962
300 _a192p. ;
_c17cm.
440 _aThe Laurel Poetry series
_936932
700 _aWanning, Andrew (ed.)
_936933
942 _2lcc
_cMONOGRAPH